00953nam a2200229Ia 4500008004100000020001800041082001600059100001700075245006500092250000800157260002900165300001200194500002400206650001500230700003400245942000700279952010500286952010500391952010500496952010500601999001700706230524s9999 xx 000 0 und d a9788131711309 a658.15bCHO aSunil Chopra 0a"Supply Chain Management: Strategy, Planning, and Operation" a3RD aNEW DELHIbPearsonc2009 aXIV;636 aQuantity Number: 4 aManagement a" Peter Meindl, D.V.Kalra,,," cBK 00104070aTATCLbTATCLcGENd2023-05-24l0o658.15 CHOp34346r2023-05-24w2023-05-24yBKzMBA305A 00104070aTATCLbTATCLcGENd2023-05-24l0o658.15 CHOp34347r2023-05-24w2023-05-24yBKzMBA305A 00104070aTATCLbTATCLcGENd2023-05-24l0o658.15 CHOp37506r2023-05-24w2023-05-24yBKzMBA305A 00104070aTATCLbTATCLcGENd2023-05-24l0o658.15 CHOp37507r2023-05-24w2023-05-24yBKzMBA305A c45079d45079